000 00465nab a2200145Ia 4500
003 ES-SlBCS
005 20210601134620.0
008 140529s2001 xxu||||| |||| 00| 0 spa d
041 _aspa
100 1 _aMenini, Marino
_9220406
245 0 0 _aAportes para una filosofía de la historia latinoamericana
_c Marino Menini
650 0 4 _aFilosofía de la Historia Latinoamericana
_9220451
773 0 _tAnthropos
_gvol. 22, nº. 42, 2001, págs. 7-32
_wRev38
942 _cAR
999 _c615313
_d615313